Pelangi cinta buat suami

Bibliographic Details
Main Author: Acik Lana , d 1982- (Author)
Format: Book
Language:Malay
Published: Kuala Lumpur : Penerbitan Kaki Novel 2013
Subjects:

MARC

LEADER 00000cam a2200000 7i4500
001 0000029335
005 20241126.0
008 210914 my # may
020 |a 9789670448268 
040 |a INS   |b eng   |e rda 
090 0 0 |a PL5186.A35   |b P45 2013 
100 0 |a Acik Lana ,   |d d 1982- ,   |e author 
245 1 0 |a Pelangi cinta buat suami   |c Acik Lana 
264 1 |a Kuala Lumpur :   |b Penerbitan Kaki Novel   |c 2013 
300 |a 823 pages ;   |c 19 cm. 
336 |a text  |2 rdacontent 
337 |a unmediated  |2 rdamedia 
338 |a volume  |2 rdacarrier 
650 0 |a Malay fiction 
999 |a 0000011227   |b BOOK   |c Open Shelf   |e Default branch